[Event "RUS-chT Premier 2019"]
[Site "Sochi"]
[Date "2019.05.01"]
[Round "1.18"]
[White "Khismatullin, Denis"]
[Black "Grachev, Boris"]
[Result "1-0"]
[WhiteElo "2619"]
[BlackElo "2615"]
[Annotator "TA"]
[PlyCount "137"]
[EventDate "2019.04.30"]
[EventType "team-tourn"]
[EventCountry "RUS"]
[SourceTitle "playchess.com"]
[Source "ChessBase"]
[SourceQuality "1"]

{[%evp 20,137,28,14,24,11,20,20,16,16,29,16,18,19,28,13,45,53,67,52,50,50,57,45,52,57,47,39,70,56,67,65,64,55,61,70,72,58,79,75,93,87,114,114,123,126,127,113,111,104,104,104,103,95,123,110,119,124,141,157,291,281,335,332,330,328,327,335,310,310,303,300,331,335,322,339,339,339,339,339,331,328,339,339,332,325,731,693,885,873,719,625,639,591,624,556,647,630,517,475,822,789,817,800,922,1169,1152,1110,986,939,1560,1246,2325,2072,2360,1695,29982,29983,29982,29984]} 1. c4 e6 2. Nc3 d5 3. d4 Nf6 4. cxd5 exd5 5. Bg5 c6 6. e3 Nbd7 7. Bd3 Be7 8. Nge2 O-O 9. Qc2 Re8 10. O-O Nf8 11. Rae1 Ng4 {D36: Queen's Gambit Declined: Exchange Variation: Main line (5 Bg5 c6 6 Qc2)} (11... Be6 12. f3 Rc8 13. Kh1 N6d7 14. Bxe7 Qxe7 15. Nf4 Qd6 16. Qf2 f6 17. Nxe6 Nxe6 18. f4 Ndf8 19. e4 dxe4 20. Nxe4 {½-½ (38) Carlsen,M (2770)-Ivanchuk,V (2746) Leon 2009}) 12. Bxe7 Qxe7 13. h3 Nf6 {The position is equal.} 14. Ng3 Be6 15. f3 $146 ({Predecessor:} 15. f4 Qd6 16. Qf2 Rad8 17. f5 Bc8 18. e4 dxe4 19. Ngxe4 Nxe4 20. Nxe4 {1-0 (35) Martiniuk,Y-Akopov,R Russia 1991}) 15... c5 16. dxc5 Qxc5 17. Nb5 Qxc2 (17... Qe7 {keeps more tension.} 18. Nd4 Rac8 19. Qf2 N8d7 20. Ngf5 Bxf5 21. Nxf5 Qf8) 18. Bxc2 Red8 19. Rf2 a6 20. Nd4 Rac8 21. Rd2 N8d7 22. Red1 Ne5 23. b3 Nc6 24. Bb1 g6 25. Kf2 Nxd4 26. Rxd4 Rd7 27. Ne2 Rdc7 28. h4 h6 29. g4 g5 30. Rh1 Kg7 31. Rdd1 Re8 32. Nd4 Kf8 33. Bf5 Ke7 34. hxg5 hxg5 35. Rh6 Rg8 36. Rdh1 Rcc8 37. a4 Rc7 38. a5 Rcc8 39. b4 Rce8 (39... Rge8 $16 40. R6h3 Rg8) 40. b5 $18 axb5 41. Rb1 Rh8 42. Rxh8 Rxh8 43. Rxb5 Nd7 44. Rxb7 Ra8 45. Bd3 Kd6 46. a6 Ne5 47. Be2 Bd7 48. Nb5+ Bxb5 49. Bxb5 {[%mdl 4096] Endgame KRB-KRN} ({Weaker is} 49. Rxb5 Rxa6 50. Rxd5+ Kxd5 $16) 49... Kc5 50. Be2 f6 51. f4 gxf4 52. exf4 Nc6 $2 (52... Nxg4+ 53. Bxg4 Rxa6) 53. Rf7 Rb8 54. Rxf6 Rb2 55. Ke1 Rb1+ 56. Kd2 Rb2+ {[#]} 57. Kd1 $1 Rb1+ 58. Kc2 Ra1 59. Kb2 Rg1 (59... Re1 $142 60. Re6 Nd4) 60. Re6 Rg2 61. Kc3 Rg3+ 62. Kd2 Ra3 63. g5 Nd4 64. Re8 Ra2+ 65. Ke1 Nxe2 66. Rxe2 Rxa6 67. f5 d4 68. f6 d3 {[#]} 69. f7 $1 {[%mdl 512] Accuracy: White = 81%, Black = 46%.} 1-0

[Event "RUS-chT Premier 2019"]
[Site "Sochi"]
[Date "2019.05.01"]
[Round "1.19"]
[White "Iljiushenok, Ilia"]
[Black "Sjugirov, Sanan"]
[Result "0-1"]
[WhiteElo "2534"]
[BlackElo "2661"]
[Annotator "RC"]
[PlyCount "58"]
[EventDate "2019.04.30"]
[EventType "team-tourn"]
[EventCountry "RUS"]
[SourceTitle "playchess.com"]
[Source "ChessBase"]
[SourceQuality "1"]
[TimeControl "40/5400+30:1800+30"]

1. c4 {[%emt 0:00:00]} e5 {[%emt 0:02:19]} 2. Nc3 {[%emt 0:00:03]} Nf6 {[%emt 0:04:18]} 3. g3 {[%emt 0:00:51]} Bc5 {[%emt 0:05:22]} 4. Bg2 {[%emt 0:03:41]} c6 {[%emt 0:00:25]} 5. e3 {[%emt 0:06:20]} d5 {[%emt 0:04:44]} 6. cxd5 {[%emt 0:04:46]} O-O {[%emt 0:05:11]} 7. Nge2 {[%emt 0:11:11]} Bb6 {[%emt 0:03:10]} 8. d4 {[%emt 0:22:33]} exd4 {[%emt 0:02:40]} 9. Nxd4 {[%emt 0:00:31]} cxd5 {[%emt 0:01:48]} 10. O-O {[%emt 0:00:52]} Bg4 {[%emt 0:03:35]} 11. Qa4 {[%emt 0:09:38]} Na6 {[%emt 0:03:23]} 12. h3 {[%emt 0:07:08]} Bh5 {[%emt 0:01:51]} 13. Qa3 {[%emt 0:06:01]} Re8 {[%emt 0:03:32]} 14. Bd2 {[%emt 0:03:24]} Nc5 {[%emt 0:07:15]} 15. Na4 {[%emt 0:05:19]} Nfe4 {[%emt 0:03:13]} 16. Bc3 {[%emt 0:01:50]} Nxa4 {[%emt 0:05:24]} 17. Qxa4 {[%emt 0:00:03]} Rc8 {[%emt 0:00:45]} 18. Qb3 {[%emt 0:08:26]} Qd7 {[%emt 0:03:17]} 19. Rac1 {[%emt 0:02:27]} Rcd8 {[%emt 0:02:12]} 20. Rc2 {[%emt 0:02:27]} Bg6 {[%emt 0:05:13]} 21. Rcc1 {[%emt 0:01:01]} Bh5 {[%emt 0:05:11]} 22. Rc2 {[%emt 0:00:03]} Nc5 {[%emt 0:00:27]} 23. Qa3 {[%emt 0:00:16]} Bg6 {[%emt 0:00:17]} 24. Rcc1 {[%emt 0:00:52]} Nd3 {[%emt 0:01:03]} 25. Rcd1 {[%emt 0:00:48]} Be4 {[%emt 0:00:26]} 26. Ne2 {[%emt 0:01:14]} Nxf2 {[%emt 0:02:00]} 27. Rxf2 {[%emt 0:00:02]} Bxe3 {[%emt 0:00:07]} 28. Nf4 {[%emt 0:01:17]} d4 {[%emt 0:09:36]} 29. Qc5 {[%emt 0:00:40]} dxc3 {[%emt 0:01:29]} 0-1

[Event "RUS-chT Premier 2019"]
[Site "Sochi"]
[Date "2019.05.01"]
[Round "1.20"]
[White "Alekseev, Evgeny"]
[Black "Nozdrachev, Vladislav"]
[Result "1-0"]
[WhiteElo "2647"]
[BlackElo "2489"]
[Annotator "TA"]
[PlyCount "81"]
[EventDate "2019.04.30"]
[EventType "team-tourn"]
[EventCountry "RUS"]
[SourceTitle "playchess.com"]
[Source "ChessBase"]
[SourceQuality "1"]

{[%evp 17,81,40,41,26,58,59,64,64,60,65,64,57,57,57,64,62,77,77,78,79,125,114,213,207,190,133,133,131,131,127,131,133,123,124,174,173,173,173,170,172,184,166,202,194,215,176,215,208,195,174,353,333,361,361,361,351,381,381,381,381,381,380,460,448,493,357]} 1. e4 e5 2. Nf3 Nc6 3. Bb5 a6 4. Ba4 d6 5. O-O Bd7 6. c3 g6 7. d4 Bg7 8. Be3 Nf6 9. Nbd2 O-O 10. Re1 {C76: Ruy Lopez: Deferred Steinitz: 5 c3 Bd7 6 d4 g6} Qe8 11. Bxc6 Bxc6 12. dxe5 {White is slightly better.} Nxe4 13. Nxe4 Bxe4 14. exd6 cxd6 {[#]} 15. Qxd6 $146 ({Predecessor:} 15. Nd2 Bc6 16. Bd4 Qd8 17. Bxg7 Kxg7 {1-0 (60) Alekseev,E (2710)-Rzayev,B (2464) Baku 2013}) 15... Bxf3 16. gxf3 Qb5 17. Qb6 Qh5 {[#]} 18. Kg2 $1 Be5 19. h3 Rae8 {[#]} (19... Qh4 $16) 20. Rad1 $1 $18 Re6 21. Qb4 ({White should play} 21. Qxb7 $18 Rfe8 22. Rd7) 21... Rfe8 $16 22. Qg4 Qxg4+ 23. fxg4 Bf4 {[%cal Rf4e3]} 24. Kf3 Bxe3 25. Rxe3 Rxe3+ 26. fxe3 {[%mdl 4096] Endgame KR-KR} Re6 27. c4 Rc6 28. b3 {[%cal Bb2b3,Bb3b4][%mdl 32]} b5 29. Rc1 bxc4 30. Rxc4 Rd6 31. Ke2 Kg7 32. b4 Kf6 33. Rf4+ Ke6 $2 (33... Ke7 34. g5 Rd5) 34. g5 $18 Ke7 35. a4 Rc6 36. Kd2 Rc8 37. h4 h6 38. Re4+ Kd6 39. Rd4+ Ke7 40. gxh6 Rh8 41. Kc3 {Accuracy: White = 93%, Black = 46%.} 1-0

[Event "RUS-chT Premier 2019"]
[Site "Sochi"]
[Date "2019.05.01"]
[Round "1.21"]
[White "Geller, Jakov"]
[Black "Rakhmanov, Aleksandr"]
[Result "1/2-1/2"]
[WhiteElo "2518"]
[BlackElo "2629"]
[Annotator "TA"]
[PlyCount "104"]
[EventDate "2019.04.30"]
[EventType "team-tourn"]
[EventCountry "RUS"]
[SourceTitle "playchess.com"]
[Source "ChessBase"]
[SourceQuality "1"]

{[%evp 17,104,25,31,25,12,22,13,13,23,13,14,10,11,0,0,0,0,0,0,0,0,-6,0,-2,0,-30,0,0,0,0,0,-33,-24,-23,0,0,0,0,0,0,0,0,0,-5,-5,-16,0,-6,-1,-8,0,0,0,0,0,0,0,0,0,0,0,0,0,0,0,0,0,0,0,0,0,0,0,0,0,0,0,0,0,0,0,0,0,0,0,0,0,0,0]} 1. e4 e5 2. Nf3 Nf6 3. Nxe5 d6 4. Nf3 Nxe4 5. d4 d5 6. Bd3 Bf5 7. O-O Be7 8. Re1 O-O 9. c4 Nc6 10. Nc3 {C42: Petroff Defence: 3 Nxe5 and unusual White 3rd moves} Nxc3 11. bxc3 Bxd3 12. Qxd3 dxc4 13. Qxc4 Qd7 14. Bf4 {With the idea d5.} (14. Bd2 {seems wilder.} Rfe8 15. a4 b6 16. Qb5 Rad8 17. Bf4) 14... Bd6 15. Bxd6 (15. Bd2 {looks sharper.} b6 16. Qb5 Rad8 17. Rac1 Rfe8 18. c4) 15... cxd6 {[#]} 16. Rab1 $146 ({Predecessor:} 16. Re2 d5 17. Qd3 Rae8 {½-½ (40) Predke,A (2550)-Zvjaginsev,V (2677) Kolomna 2016}) 16... b6 17. Qb5 Rac8 18. c4 Rfd8 19. h3 Na5 20. Rbc1 h6 21. Nd2 Qxb5 (21... Rc7 {keeps more tension.} 22. Qd5 Nc6 23. Rc3 Ne7 24. Qf3 d5) 22. cxb5 d5 23. Rxc8 Rxc8 24. Nb3 Nxb3 25. axb3 $15 {[%mdl 4096] Endgame KR-KR} f6 26. Re7 {The position is equal.} Rc3 27. Rxa7 Rxb3 28. Kf1 Rxb5 29. Ke2 h5 30. h4 Kh7 31. Rd7 Kh6 32. Ke3 g5 33. Rd6 Kg6 34. hxg5 Kxg5 35. g3 Kf5 36. f3 Rb3+ 37. Ke2 Rb2+ 38. Ke3 Rb3+ 39. Ke2 Rb2+ 40. Ke3 Rb5 41. Ke2 Kg6 42. Rd7 Kg5 43. Rd6 Rb2+ 44. Ke3 Rb3+ 45. Ke2 f5 46. Rxd5 h4 47. gxh4+ Kf4 48. h5 Re3+ 49. Kd2 {[#] aiming for Rxf5+!} Re6 50. Kd3 Rh6 51. Rb5 Rxh5 52. Rxb6 Kxf3 {Accuracy: White = 64%, Black = 81%.} 1/2-1/2

[Event "RUS-chT Premier 2019"]
[Site "Sochi"]
[Date "2019.05.01"]
[Round "1.22"]
[White "Kokarev, Dmitry"]
[Black "Chernobay, Artem"]
[Result "1-0"]
[WhiteElo "2605"]
[BlackElo "2503"]
[Annotator "TA"]
[PlyCount "113"]
[EventDate "2019.04.30"]
[EventType "team-tourn"]
[EventCountry "RUS"]
[SourceTitle "playchess.com"]
[Source "ChessBase"]
[SourceQuality "1"]

{[%evp 12,113,13,9,30,24,14,9,18,19,13,0,0,0,0,5,6,0,0,0,17,0,0,0,0,0,0,0,17,17,29,21,25,0,41,0,0,0,21,16,81,62,262,237,231,218,194,211,206,229,231,225,350,353,396,402,379,180,194,181,185,178,410,410,410,409,404,402,403,400,407,403,388,387,425,402,549,510,549,549,523,492,549,507,906,907,916,916,885,884,4141,4141,914,802,4149,4149,4141,4141,4141,4141,4153,4153,4141,4137]} 1. e4 c5 2. Nf3 d6 3. d4 cxd4 4. Nxd4 Nf6 5. Nc3 a6 6. h3 e5 7. Nde2 h5 {B90: Sicilian Najdorf: Unusual White 6th moves, 6 Be3 Ng4 and 6 Be3 e5} 8. g3 Be6 9. Bg2 b5 {The position is equal.} 10. O-O Nbd7 11. Be3 Be7 12. Nd5 Nxd5 13. exd5 Bf5 14. f4 {Strongly threatening fxe5.} Rc8 15. c3 {[#]} Bh7 $146 16. a4 O-O 17. axb5 axb5 18. Ra6 exf4 19. gxf4 Nc5 20. Rc6 Bh4 21. f5 Re8 22. Bf2 Ra8 23. Nd4 {Threatens to win with Bxh4.} Bxf2+ 24. Rxf2 Qg5 25. Qf3 Ra1+ (25... Re1+ $11 {keeps the balance.} 26. Kh2 Qf6) 26. Kh2 $1 $16 {Re2 is the strong threat.} Qc1 $2 (26... g6 $1 $14) 27. Rf1 $18 Qxb2 {White should prevent ...Rxf1.} 28. Rxa1 {[%mdl 64] Overworked Piece} Qxa1 29. Nxb5 $40 {[%mdl 128] White is out for blood.} Nd7 {intending ...Ne5.} 30. Nxd6 Rf8 {and the idea ...Ne5 leaves Black hopeful.} 31. Qf4 (31. Qxh5 Ne5 $16) 31... Qe1 (31... Qb2 {might work better.} 32. Rc7 Nf6) 32. Ne4 f6 33. Rc7 Ne5 34. Qg3 (34. c4 $142) 34... Qxg3+ 35. Nxg3 (35. Kxg3 $6 Bxf5 36. Kf4 Bh7 $16) 35... h4 36. Nh5 Rf7 $2 {[#]} (36... Bxf5 37. Rxg7+ (37. Nxg7 Rc8 $16) 37... Kh8) 37. d6 $1 Rxc7 38. dxc7 Bxf5 {[%mdl 4096] Endgame KBN-KBN} 39. Bb7 Kf7 40. Nf4 {Hoping for Bd5+.} Ke7 ({Wrong is} 40... g5 $2 41. Bd5+ Ke8 42. Ne6 $18 (42. Be6 Bxe6 43. Nxe6 Kd7 $11)) 41. c8=Q Bxc8 42. Bxc8 g6 43. Nd5+ Kf7 44. Kg2 {White is clearly winning.} f5 45. Kf2 Nc4 46. Kf3 Nd6 47. Bd7 Ne4 (47... g5 $142 48. Ke3 Kf8) 48. Ke3 Nc5 49. Bc8 Ne4 50. c4 Nd6 51. Ba6 Ne4 52. Kd4 g5 53. c5 g4 54. hxg4 h3 {[#]} 55. Bf1 $1 Nxc5 56. Kxc5 fxg4 57. Ne3 {Accuracy: White = 78%, Black = 45%.} 1-0

[Event "RUS-chT Premier 2019"]
[Site "Sochi"]
[Date "2019.05.01"]
[Round "1.23"]
[White "Bykov, Oleg"]
[Black "Romanov, Evgeny"]
[Result "0-1"]
[WhiteElo "2395"]
[BlackElo "2573"]
[Annotator "ChessBase"]
[PlyCount "68"]
[EventDate "2019.04.30"]
[EventType "team-tourn"]
[EventCountry "RUS"]
[SourceTitle "playchess.com"]
[Source "ChessBase"]
[SourceQuality "1"]
[TimeControl "40/5400+30:1800+30"]

1. d4 {[%emt 0:00:00]} Nf6 {[%emt 0:00:00]} 2. c4 {[%emt 0:00:00]} e6 {[%emt 0:00:06]} 3. g3 {[%emt 0:01:09]} c5 {[%emt 0:01:39]} 4. d5 {[%emt 0:00:08]} exd5 {[%emt 0:00:21]} 5. cxd5 {[%emt 0:00:05]} d6 {[%emt 0:00:16]} 6. Nc3 {[%emt 0:00:11]} g6 {[%emt 0:00:07]} 7. Bg2 {[%emt 0:00:07]} Bg7 {[%emt 0:00:05]} 8. Nf3 {[%emt 0:00:06]} O-O {[%emt 0:00:06]} 9. O-O {[%emt 0:00:05]} Na6 {[%emt 0:03:31]} 10. Nd2 {[%emt 0:00:22]} Nc7 {[%emt 0:01:09]} 11. a4 {[%emt 0:07:14]} b6 {[%emt 0:01:04]} 12. e4 {[%emt 0:01:08]} Ba6 {[%emt 0:17:28]} 13. Re1 {[%emt 0:00:16]} Nd7 {[%emt 0:00:11]} 14. Nf3 {[%emt 0:09:04]} Qe7 {[%emt 0:08:23]} 15. Bf4 {[%emt 0:11:25]} Rad8 {[%emt 0:00:26]} 16. Qd2 {[%emt 0:03:45]} Ne5 {[%emt 0:05:58]} 17. Bh6 {[%emt 0:08:14]} Nc4 {[%emt 0:13:42]} 18. Qc1 {[%emt 0:00:35]} Bxh6 {[%emt 0:00:31]} 19. Qxh6 {[%emt 0:00:06]} Nxb2 {[%emt 0:03:05]} 20. e5 {[%emt 0:03:17]} dxe5 {[%emt 0:11:03]} 21. d6 {[%emt 0:26:30]} Rxd6 {[%emt 0:01:30]} 22. Rxe5 {[%emt 0:00:11]} Qd7 {[%emt 0:09:06]} 23. Rae1 {[%emt 0:05:54]} Ne6 {[%emt 0:01:24]} 24. Bh3 {[%emt 0:01:49]} Nd3 {[%emt 0:09:34]} 25. Ng5 {[%emt 0:19:16]} Nxg5 {[%emt 0:00:29]} 26. Bxd7 {[%emt 0:00:30]} Nf3+ {[%emt 0:00:47]} 27. Kh1 {[%emt 0:00:03]} Nfxe5 {[%emt 0:01:34]} 28. Rxe5 {[%emt 0:01:28]} Nxe5 {[%emt 0:00:16]} 29. Bb5 {[%emt 0:00:23]} Bb7+ {[%emt 0:00:32]} 30. Kg1 {[%emt 0:00:14]} c4 {[%emt 0:03:18]} 31. Qf4 {[%emt 0:01:06]} Re6 {[%emt 0:01:51]} 32. f3 {[%emt 0:00:39]} Nxf3+ {[%emt 0:00:42]} 33. Kf2 {[%emt 0:00:32]} Ne5 {[%emt 0:00:10]} 34. Kf1 {[%emt 0:00:19]} Nd3 {[%emt 0:00:31]} 0-1

[Event "RUS-chT Premier 2019"]
[Site "Sochi"]
[Date "2019.05.01"]
[Round "1.24"]
[White "Rozum, Ivan"]
[Black "Ofitserian, Boris"]
[Result "1-0"]
[WhiteElo "2568"]
[BlackElo "2413"]
[Annotator "TA"]
[PlyCount "65"]
[EventDate "2019.04.30"]
[EventType "team-tourn"]
[EventCountry "RUS"]
[SourceTitle "playchess.com"]
[Source "ChessBase"]
[SourceQuality "1"]

{[%evp 9,65,22,29,19,33,33,27,35,58,58,79,67,72,77,83,79,93,89,88,77,89,78,83,86,86,88,77,55,77,72,87,73,73,76,86,49,124,85,105,91,135,122,129,156,171,163,270,273,387,374,1068,1076,1041,957,1770,1624,29977,7922]} 1. d4 Nf6 2. Nf3 g6 3. Nbd2 d5 4. b4 Bg7 5. e3 O-O 6. Be2 {D02: 1 d4 d5 2 Nf3 sidelines, including 2...Nf6 3 g3 and 2...Nf6 3 Bf4} Nc6 $146 ({Predecessor:} 6... a5 7. b5 c5 8. bxc6 bxc6 9. Ba3 Ba6 10. O-O Bxe2 11. Qxe2 Na6 12. Rab1 Nd7 13. c4 {0-1 (121) Bindrich,F (2606)-Kovalev,V (2683) St Petersburg 2018}) 7. a3 Re8 8. Bb2 {White has an edge.} Bg4 9. c4 dxc4 10. Nxc4 Qd5 11. Ncd2 a5 12. b5 Bxf3 13. Nxf3 Na7 14. Rc1 c6 15. Bc4 Qd6 16. bxc6 Nxc6 17. O-O e6 18. Qa4 Nd7 19. Nd2 {[%cal Bf3d2,Bd2c4,Bc4b6][%mdl 32]} Nb6 20. Qb5 Nxc4 21. Nxc4 Qc7 22. Nb6 Rad8 ({Better is} 22... Ra6 $14 23. Na4 Rd8) 23. Rc2 Qd6 24. Rfc1 Re7 25. Rc5 f5 26. g3 Rf8 27. a4 Qd8 (27... Ref7 {was called for.} 28. Qb3 Rd8) 28. Ba3 $18 Ref7 (28... f4 {was worth a try.}) 29. d5 Nb4 $2 {[#]} (29... f4 30. dxe6 fxe3 31. exf7+ Rxf7) 30. dxe6 Re7 31. Rc8 Qd2 32. Qxa5 Bb2 33. Bxb4 {Accuracy: White = 81%, Black = 24%.} 1-0

[Event "RUS-chT Premier 2019"]
[Site "Sochi"]
[Date "2019.05.01"]
[Round "1.25"]
[White "Artemiev, Vladislav"]
[Black "Bocharov, Ivan"]
[Result "1-0"]
[WhiteElo "2754"]
[BlackElo "2568"]
[Annotator "TA"]
[PlyCount "85"]
[EventDate "2019.04.30"]
[EventType "team-tourn"]
[EventCountry "RUS"]
[SourceTitle "playchess.com"]
[Source "ChessBase"]
[SourceQuality "1"]

{[%evp 13,85,33,29,27,31,31,31,35,39,27,33,8,15,0,8,5,9,8,9,8,9,10,12,9,14,6,16,9,14,11,14,14,10,20,39,31,25,24,111,112,109,113,111,34,18,9,97,108,108,52,152,154,160,154,145,135,154,118,179,179,271,282,287,307,292,285,310,303,278,268,281,261,774,755]} 1. d4 Nf6 2. c4 e6 3. Nf3 b6 4. g3 Ba6 5. Nbd2 d5 6. Bg2 Bd6 7. O-O O-O 8. b3 {E15: Queen's Indian: 4 g3 sidelines, 4 g3 Ba6 and 4 g3 Bb7 early deviations} Nbd7 {[#]} (8... c5 9. e4 dxe4 10. Ng5 Nc6 11. dxc5 Bxc5 12. Ndxe4 Qxd1 13. Rxd1 Rad8 14. Rxd8 Rxd8 15. Nxc5 {½-½ (48) Bacrot,E (2716)-Carlsen,M (2826) Nanjing 2010}) 9. e4 $1 {[%mdl 512]} dxe4 10. Ng5 {White is slightly better.} Be7 $146 ({Predecessor:} 10... b5 11. c5 {½-½ (35) Boehm,R-Holtorf,P GER email 2008}) 11. Ndxe4 Rb8 12. a4 Bb7 13. Be3 h6 14. Nxf6+ Bxf6 15. Bxb7 {Black must now prevent Nxf7.} Bxg5 16. Bc6 Bxe3 17. fxe3 Qe7 18. b4 {[%cal Bb3b4,Bb4b5][%mdl 32]} Rbd8 19. Qb3 e5 20. b5 Nf6 21. Qc3 $36 {[%mdl 2048] White is more active.} Ng4 22. Rae1 Qg5 23. Kg2 h5 24. Rf3 h4 25. h3 Nh6 (25... Nf6 $11 {remains equal.} 26. g4 (26. dxe5 Nd7 $11) 26... Qg6) 26. dxe5 $16 Nf5 {[%cal Rh4g3]} 27. g4 Ng3 28. Bd5 (28. a5 $16) 28... Rde8 $14 29. a5 Qxe5 (29... Rxe5 $11 {keeps the balance.} 30. Qd4 Qe7) 30. Qxe5 $16 Rxe5 31. e4 (31. Ra1 $16) 31... g6 (31... g5 $1 $14) 32. Rf6 $1 Kg7 33. Rc6 Re7 34. e5 $1 Kh6 35. Rf6 Kg5 {[#]} (35... Kg7 $16 36. Re3 Rxe5 37. Rxf7+ Rxf7 38. Rxe5 Rd7) 36. a6 $1 $18 Rd7 (36... Kh6 $142 37. Re3 Kg5) 37. Re3 Re7 38. Rff3 Kh6 {[#]} 39. Kf2 $1 Kg5 40. Ke1 Kh6 41. Kd2 Rd8 42. Kc2 Rdd7 $2 {[#]} (42... Rf8 43. Kc3 Kh7) 43. Bxf7 $1 {[%mdl 512] Accuracy: White = 77%, Black = 39%.} 1-0

[Event "RUS-chT Premier 2019"]
[Site "Sochi"]
[Date "2019.05.01"]
[Round "1.26"]
[White "Khanin, Semen"]
[Black "Kamsky, Gata"]
[Result "1/2-1/2"]
[WhiteElo "2524"]
[BlackElo "2664"]
[Annotator "TA"]
[PlyCount "89"]
[EventDate "2019.04.30"]
[EventType "team-tourn"]
[EventCountry "RUS"]
[SourceTitle "playchess.com"]
[Source "ChessBase"]
[SourceQuality "1"]

{[%evp 15,89,34,40,33,36,27,32,28,29,29,41,28,39,38,36,35,37,37,43,27,33,20,27,25,34,6,25,20,27,10,23,1,82,94,81,86,113,68,70,56,70,69,68,77,63,60,85,44,37,0,84,82,84,14,38,0,0,0,35,6,7,-17,-8,-8,-17,-17,-15,-18,-8,-8,-8,-8,-8,-8,-8,-8]} 1. e4 e5 2. Nf3 Nc6 3. Bc4 Nf6 4. d3 h6 5. O-O d6 6. c3 Be7 7. Re1 O-O 8. a4 Nh7 9. a5 {C55: Two Knights: 4 d3, 4 d4 exd4 5 e5 and Max Lange Attack} a6 10. Nbd2 {[%cal Bb1d2,Bd2f1,Bf1e3,Be3d5][%mdl 32]} Ng5 11. Nf1 {White is slightly better.} Nxf3+ 12. Qxf3 Bg5 13. Bxg5 $146 ({Predecessor:} 13. Ne3 Be6 14. b4 {½-½ (31) Vajda,L (2549)-Roussel Roozmon,T (2422) Budapest 2007}) 13... Qxg5 14. Ne3 Be6 15. Nd5 Rac8 16. b4 Kh8 17. Qg3 g6 18. f3 Qxg3 19. hxg3 h5 20. f4 Kg7 21. b5 axb5 22. Bxb5 {Hoping for a6.} Nd8 {next ...c6 is good for Black.} 23. a6 bxa6 (23... Bxd5 $1 $11 {keeps the balance.} 24. exd5 bxa6 25. Rxa6 (25. Bxa6 Ra8 $11) 25... Rb8) 24. Bxa6 $16 Rb8 25. Nxc7 Rb2 26. fxe5 dxe5 27. d4 exd4 28. cxd4 Bg4 29. d5 f6 30. Rab1 Rd2 31. Rf1 {Threatens to win with Rb6.} Rd4 32. Rfe1 Rd2 33. Bf1 Rh8 34. Rb6 (34. Bb5 $16) 34... Nf7 $11 35. Bb5 Ne5 36. Rf1 Rc8 37. Rb7 f5 {The position is equal.} 38. d6 {[#] Black must now prevent d7!} Kh6 39. exf5 Bxf5 {Strongly threatening ...Be4!} 40. Re1 Nf7 41. Ne8 Nxd6 42. Nxd6 Rxd6 43. Rbe7 Rc2 44. R7e2 Rc5 45. Re5 {Accuracy: White = 47%, Black = 60%.} 1/2-1/2

[Event "RUS-chT Premier 2019"]
[Site "Sochi"]
[Date "2019.05.01"]
[Round "1.27"]
[White "Timofeev, Artyom"]
[Black "Tsydypov, Zhamsaran"]
[Result "1/2-1/2"]
[WhiteElo "2602"]
[BlackElo "2546"]
[Annotator "TA"]
[PlyCount "144"]
[EventDate "2019.04.30"]
[EventType "team-tourn"]
[EventCountry "RUS"]
[SourceTitle "playchess.com"]
[Source "ChessBase"]
[SourceQuality "1"]

{[%evp 10,144,-12,-10,-13,-21,-9,-17,0,0,0,0,0,-6,0,0,0,0,-7,-9,0,-12,0,-18,-10,-16,0,-10,-10,-10,-10,-10,-9,-11,-4,-4,-6,-6,-10,-22,-25,-59,-55,-63,-53,-48,-56,-222,-151,-131,-119,-116,-120,-118,-113,-124,-96,-167,-37,-54,-8,-8,-6,-6,-6,-6,-3,-8,-8,-67,0,0,0,0,0,0,0,0,0,0,0,-80,-80,-80,-80,-80,-80,-80,-80,-80,-80,-80,-80,-80,-80,-80,-80,-88,-87,-91,-88,-88,-88,-88,-86,-91,-80,-80,-80,-80,-80,-80,-80,-79,-8,-8,-8,-8,0,-8,0,-8,0,0,0,0,0,0,0,0,0,0,8,8,8,8,8]} 1. e4 c5 2. Nf3 d6 3. Bc4 Nf6 4. e5 dxe5 5. Nxe5 e6 6. Qe2 Bd6 {B50: Sicilian: 2...d6, Miscellaneous} 7. b3 (7. O-O Qc7 8. f4 O-O 9. b3 Nd5 10. Bxd5 exd5 11. Nc3 Qd8 12. Bb2 Nc6 13. Rae1 Nd4 14. Qd1 {0-1 (39) Shukh,N (2459)-Timofeev,A (2592) Moscow 2019}) 7... O-O 8. Bb2 Qc7 9. O-O a6 10. a4 Nbd7 {[%cal Rd7e5]} (10... Nd5 {seems wilder.} 11. Re1 Nd7 12. Na3 Nxe5 13. Bxe5 Bd7) 11. Re1 $146 ({Predecessor:} 11. f4 Nd5 12. Bxd5 exd5 13. Nxd7 Bxd7 14. Qh5 {0-1 (34) Emdin,M (1885)-Klimovets,K (2183) Moscow 2009}) 11... Nxe5 12. Bxe5 Bxe5 13. Qxe5 Qxe5 14. Rxe5 b6 15. Nc3 Rd8 16. Rd1 Bb7 17. f3 Nd7 18. Ree1 Nb8 19. Bd3 Nc6 20. Be4 Na5 21. d3 Bxe4 22. dxe4 Nc6 23. Rxd8+ Rxd8 $11 {[%mdl 4096] Endgame KRN-KRN} 24. Rd1 Rd4 25. Rc1 Nb4 26. Nb1 {[#]} Nxc2 $1 {[%mdl 512]} 27. a5 (27. Rxc2 Rd1+) 27... Na1 28. Rc3 $2 (28. Nd2 $1 $15 Rxd2 29. Rxa1) 28... bxa5 {Strongly threatening ...Rd1+.} 29. Kf2 Rd1 30. Na3 Rd2+ 31. Kg3 f6 32. Nc4 Ra2 33. e5 (33. Rd3 $17 {keeps fighting.}) 33... a4 ({Better is} 33... Nc2 $19 {And now ...Nd4 would win.} 34. Nxa5 Ne1) 34. bxa4 $15 Rc2 35. Rxc2 Nxc2 36. exf6 gxf6 $11 {KN-KN} 37. Nd6 f5 38. Kf4 Kf8 39. Ke5 (39. Nc4 $11) 39... Ne3 (39... Ke7 $15) 40. Nb7 ({Of course not} 40. Kxe6 c4 $17) 40... c4 {Hoping for ...c3.} 41. Kd4 Nxg2 42. Nc5 Ke7 43. Nxa6 Ne1 44. f4 Nd3 45. Nc7 {[#]} (45. Kxc4 $11 Nxf4 46. a5) 45... Nc5 $1 $17 {[%mdl 512]} 46. a5 ({Don't blunder} 46. Kxc5 $2 c3 $19) 46... Nb3+ 47. Kxc4 Nxa5+ 48. Kd4 Nb3+ 49. Ke3 Nc5 50. Nb5 Ne4 51. Nd4 Nf6 {White must now prevent ...Ng4+.} 52. Kf3 Kd6 53. Nb3 Kd5 54. Nd2 Ne8 55. Ke3 Nd6 56. Kd3 Nf7 57. Nc4 Nh6 {...Ng4 is the strong threat.} 58. Nb6+ Kc6 59. Nc4 Ng4 {Threatens to win with ...Kc5.} 60. h3 Nf2+ 61. Ke3 Nxh3 (61... Kc5 $17 62. Nb2 Ne4 63. Na4+ Kd5 64. Nb6+ Kc6) 62. Kf3 $11 {The position is equal.} Kd5 63. Nb6+ $1 Kd4 64. Nd7 h6 (64... Kd3 {with more complications.} 65. Nc5+ Kd2 66. Nxe6 Ng1+ 67. Kf2 Ne2) 65. Kg3 Ng5 66. fxg5 hxg5 {KN-K3P} 67. Nf8 Kd5 68. Nh7 g4 69. Kf4 Kd4 70. Ng5 e5+ 71. Kxf5 g3 72. Kg4 g2 {Accuracy: White = 66%, Black = 64%.} 1/2-1/2